| 000 | | | 04197nmc2a22002653x 450 |
| 001 | | | 9778acfc-a136-4e9a-8c87-8a5dc52d0217 |
| 005 | | | 20251112182808.0 |
| 100 | ## | $a | 20250624l18191829k l0rusy0189 ca |
| 101 | 0# | $a | rus |
| 102 | ## | $a | RU |
| 105 | ## | $a | y### |
| 122 | 2# | $a | d |
| 200 | 1# | $a | Приходно-расходные ведомости по учебным заведениям Московского учебного округа за 1819 год |
| | $j | 1819 г. - 3 ноября 1829 г. |
| 215 | ## | $a | 92 л. |
| | $d | 36,5х26 см |
| 251 | ## | $c | Дело |
| 300 | ## | $a | Дело |
| 300 | ## | $a | Ориг. заголовок дела: Ведомости годовые: 1) о суммах Московского университета, 2) благородного университетского пансиона, 3) канцелярии попечителя Московского учебного округа за 1819 год. 1819 г. - 3 ноября 1829 г |
| 371 | ## | $a | Документ не является опубликованным и широко распространяемым |
| 461 | #0 | $1 | 001a74412a3-3cc5-4d21-8f0a-dfe2fbd9e72d |
| | $1 | 2001 |
| | $a | Департамент народного просвещения Министерства народного просвещения (1803-1917) |
| | $1 | 251 |
| | $c | Фонд |
| | $1 | 852 |
| | $j | 733 |
| 462 | #0 | $1 | 0018ef65381-21af-4462-9683-443387655f7a |
| | $1 | 2001 |
| | $a | Дела счетного отделения Департамента народного просвещения за 1803-1831 годы |
| | $1 | 251 |
| | $c | Опись |
| | $1 | 852 |
| | $j | 110 |
| 517 | 1# | $a | Ведомости годовые: 1) о суммах Московского университета, 2) благородного университетского пансиона, 3) канцелярии попечителя Московского учебного округа за 1819 год. 1819 г. - 3 ноября 1829 г |
| 801 | #0 | $a | RU |
| | $b | РГИА |
| | $c | 20250624 |
| | $g | RCR |
| 801 | #1 | $a | RU |
| | $b | ГлавНИВЦ |
| | $c | 20250624 |
| | $2 | rusmarc |
| 801 | #2 | $a | RU |
| | $b | ПБ им. Б.Н. Ельцина |
| | $c | 20251112 |
| | $g | RCR |
| | $2 | rusmarc |
| 850 | ## | $a | РГИА |
| 852 | ## | $a | РГИА |
| | $e | Федеральное казенное учреждение "Российский государственный исторический архив" (РГИА) |
| | $j | 28 |
| 937 | ## | $h | РГИА |
| | $d | 12091690 |
| | $a | ASBIBLIO_SCAN |
| 035 | ## | $a | RusGRCC00087168 |
| 856 | ## | $u | http://readingroom.main.prlib.ru/item.aspx?id_node=n198987883&mode=full |